হাজার দ্বীপের দেশে / (Record no. 169)
[ view plain ]
| 000 -LEADER | |
|---|---|
| fixed length control field | 00666nam a2200229 a 4500 |
| 001 - CONTROL NUMBER | |
| JCCL Control Number | 169 |
| 003 - CONTROL NUMBER IDENTIFIER | |
| JCCL marc code | BD-JhCC |
| 005 - DATE AND TIME OF LATEST TRANSACTION | |
| control field | 20171002124113.0 |
| 008 - FIXED-LENGTH DATA ELEMENTS--GENERAL INFORMATION | |
| fixed length control field | 171001s2005 xxu |||| |a|| 000 0 ben d |
| 020 ## - INTERNATIONAL STANDARD BOOK NUMBER | |
| International Standard Book Number | 9844018420 |
| 035 ## - SYSTEM CONTROL NUMBER | |
| system control number | (BD-JhCC)169 |
| 040 ## - CATALOGING SOURCE | |
| Original cataloging agency | BD-JhCC |
| Modifying agency | BD-JhCC |
| 041 ## - LANGUAGE CODE | |
| Language code of Book | ben |
| 082 ## - DEWEY DECIMAL CLASSIFICATION NUMBER | |
| Classification number | 917.1 |
| Author mark and Year | BNU 2005 |
| 100 ## - MAIN ENTRY--PERSONAL NAME | |
| Personal name | বানু, আখতার |
| 245 ## - TITLE STATEMENT | |
| Title | হাজার দ্বীপের দেশে / |
| Statement of responsibility, etc | আখতার, বানু |
| 260 ## - PUBLICATION, DISTRIBUTION, ETC. (IMPRINT) | |
| Place of publication, distribution, etc | ঢাকাঃ |
| Name of publisher, distributor, etc | আগামী প্রকাশনী , |
| Date of publication, distribution, etc | ২০০৫ |
| 300 ## - PHYSICAL DESCRIPTION | |
| Pagination | ১২৭ পৃ.: |
| Dimensions | 21 Cm. |
| 651 ## - SUBJECT ADDED ENTRY--GEOGRAPHIC NAME | |
| Geographic name | Canada |
| General subdivision | Travel |
| 942 ## - ADDED ENTRY ELEMENTS (KOHA) | |
| Source of classification or shelving scheme | Dewey Decimal Classification |
| Koha item type | Books |
| Source of classification or shelving scheme | Damaged status | Not for loan | Home library | Current library | Shelving location | Date of accession | Total Checkouts | Full call number | Barcode | Date last seen | Copy number | Koha item type | Source of acquisition | Cost, normal purchase price | Total Renewals | Checked out | Date checked out |
|---|---|---|---|---|---|---|---|---|---|---|---|---|---|---|---|---|---|
| Dewey Decimal Classification | JCC Rouf Library | JCC Rouf Library | General Stacks | 10/01/2017 | 917.1 BNU 2005 | 1213 | 10/01/2017 | C-2 | Books | ||||||||
| Dewey Decimal Classification | JCC Rouf Library | JCC Rouf Library | General Stacks | 10/21/2017 | 917.1 BNU 2005 | 2793 | 10/21/2017 | C-1 | Books | Foundation of tenth's Efforts | 100.00 | ||||||
| Dewey Decimal Classification | JCC Rouf Library | JCC Rouf Library | General Stacks | 10/29/2017 | 1 | 917.1 BNU 2005 | 3174 | 03/19/2023 | C-3 | Books | 100.00 | 1 | 04/22/2023 | 03/19/2023 |